logo

Bir Sreshtho Munshi Abdur Rouf Library
Jhenaidah Cadet College

গণিত অলিম্পিয়াডের প্রস্তুতি / (Record no. 10862)

MARC details
000 -LEADER
fixed length control field 00810nam a2200253 a 4500
001 - CONTROL NUMBER
JCCL Control Number 10862
003 - CONTROL NUMBER IDENTIFIER
JCCL marc code BD-JhCC
005 - DATE AND TIME OF LATEST TRANSACTION
control field 20230612130038.0
008 - FIXED-LENGTH DATA ELEMENTS--GENERAL INFORMATION
fixed length control field 190522b20192013bd ||||| a||| 00| 0 b d
020 ## - INTERNATIONAL STANDARD BOOK NUMBER
International Standard Book Number 9847009602351
035 ## - SYSTEM CONTROL NUMBER
system control number (BD-JhCC)10862
040 ## - CATALOGING SOURCE
Original cataloging agency BD-JhCC
Modifying agency BD-JhCC
041 ## - LANGUAGE CODE
Language code of Book ban
082 ## - DEWEY DECIMAL CLASSIFICATION NUMBER
Author mark and Year HOS 2019
Classification number 510.76
100 ## - MAIN ENTRY--PERSONAL NAME
Personal name হোসেন, জাকির
245 ## - TITLE STATEMENT
Title গণিত অলিম্পিয়াডের প্রস্তুতি /
Statement of responsibility, etc জাকির হোসেন
260 ## - PUBLICATION, DISTRIBUTION, ETC. (IMPRINT)
Place of publication, distribution, etc ঢাকা,বাংলাদেশ:
Name of publisher, distributor, etc তাম্রলিপি,
Date of publication, distribution, etc 2019.
300 ## - PHYSICAL DESCRIPTION
Pagination 543 p. v1
Other physical details Included
Dimensions 22 cm.
650 ## - SUBJECT ADDED ENTRY--TOPICAL TERM
Topical term or geographic name as entry element Mathematics
650 ## - SUBJECT ADDED ENTRY--TOPICAL TERM
Topical term or geographic name as entry element Mathematics--Competitions
650 ## - SUBJECT ADDED ENTRY--TOPICAL TERM
Topical term or geographic name as entry element International Mathematical Olympiad
942 ## - ADDED ENTRY ELEMENTS (KOHA)
Source of classification or shelving scheme Dewey Decimal Classification
Koha item type Books
Koha issues (borrowed), all copies 2
Holdings
Source of classification or shelving scheme volume number Damaged status Not for loan Home library Current library Shelving location Date of accession Cost, normal purchase price Total Checkouts Full call number Barcode Date last seen Date checked out Copy number Koha item type Method of acquisition Currency
Dewey Decimal Classification V-1     JCC Rouf Library JCC Rouf Library General Stacks 06/12/2019 480.00 7 510.76 HOS 2019 14852 02/08/2026 01/29/2026 C-1 Books    
Dewey Decimal Classification V-1     JCC Rouf Library JCC Rouf Library General Stacks 06/12/2023 450.00 6 HOS 2019 510.76 18042 02/07/2026 01/17/2026 C-2 Books Purchase BDT

JCC Library | Contacts | JCC Home

Last Update on 23 September 2017
Copyright @ 2017-2020 JCC Rouf Library
Rouf Library, Jhenidah Cadet College (JCC), Bangladesh